000
00188 a2200097 4500
001
52229
100
_a
Michener N A
245
_a
260
_a
_b
Harper & Row
_c
090
_c
32892
_d
32892
942
_a
NUST-CAE
_c
M
_c
25438
999
_c
287302
_d
287302